000 00976nam a22003257a 4500
001 BR8002824
003 BR-BrBNA
005 20230928090615.0
007 ta
008 230509b bl.||||| |||| 00| 0 por d
040 _aBR-BrBNA
_bpor
_cBiblioteca Nacional de Agricultura
041 _a(Por)
072 _aF00; F60
_b1740
_b3520
_b3575
_b/G514
090 _ 1740 BR8002824
100 1 _aDornellas, G.V.
110 1 _aUniversidade Federal de Pelotas, RS (Brasil)
_0Tese (Mestre)
_910876
245 1 _aRelacoes bulbo-semente em cebola (Allium cepa L.)[Armazenamento; Plantio; Germinacao; Emergencia; Brasil]
260 3 _aPelotas, RS (Brasil):
_c1980.
300 _a120 p.
500 _a25 illus.; 49 tables; 41 ref.; Summaries (Eng, Por)
650 _aCebola
650 _aBulbo
650 _aSemente
650 _aArmazenamento
650 _aPlantio
650 _aEmergencia
650 _aGerminacao
909 _a202309
_bLucia
_c55
_dLucia Elande
942 _cBK
999 _c29602
_d29602